Statystyki dla Pokémon czy Produkt z Ikei?

Kliknij tutaj aby rozwiązać quiz!

Ogólne statystyki

  • Ten quiz został rozwiązany 865 razy
  • Średni wynik to 25 z 30

Statystyki odpowiedzi

ZagadnienieOdpowiedź% Poprawnych
VaporeonPokémon
97%
VoltorbPokémon
93%
HoppipPokémon
93%
UmbreonPokémon
92%
UddgrundProdukt z Ikei
92%
PorygonPokémon
91%
SteelixPokémon
91%
TangelaPokémon
90%
MariusProdukt z Ikei
90%
SagstuaProdukt z Ikei
87%
LuxioPokémon
86%
GabitePokémon
86%
SesamfronProdukt z Ikei
86%
LedybaPokémon
85%
LidhultProdukt z Ikei
85%
EnteiPokemon
83%
KallaxProdukt z Ikei
82%
SannahedProdukt z Ikei
82%
MopsigProdukt z Ikei
82%
StaraviaPokémon
81%
LakaforsProdukt z Ikei
81%
RelicanthPokémon
79%
TrysilProdukt z Ikei
79%
MallhoppaProdukt z Ikei
77%
DaidaiProdukt z Ikei
77%
HerefossProdukt z Ikei
76%
DagottoProdukt z Ikei
71%
MunnaPokémon
69%
AromatissePokémon
61%
RegielekiPokémon
47%

Rozkład punktacji

Percentyl według liczby udzielonych odpowiedzi

Procent ludzi z każdym wynikiem

Twoja historia wyników

Nie rozwiązałeś tego quizu